00421nam a2200157Ia 45000010006000000050017000060080041000230410008000640820018000721000044000902450076001342600009002103000028002196500008002476540008002552052320260306172812.0260306t2021||||xx |||||||||||||| ||spa|| aESP a343.335bT81P aTribunal Constitucional del PerúeAUT 0aEl proceso de cumplimiento en la actualidad:bposibilidades y límites c2021 a527 páginas :c24 cm. aGEN aCDE